Perception of Qualitative Competitiveness in the International Context

Salvato in:
Dettagli Bibliografici
Autore principale: Štofová, Lenka, 1989-
Natura: Capitolo di libro
Lingua:inglese
Soggetti:
Tags: Aggiungi Tag
Nessun Tag, puoi essere il primo ad aggiungerne!!

MARC

LEADER 00000nla a2200000 4500
001 0240624
005 20240502073920.7
041 0 |a eng 
044 |a SK 
245 1 0 |a Perception of Qualitative Competitiveness in the International Context  |c Lenka Štofová 
500 |a Abstrakt 
610 2 0 |a konkurencieschopnosť 
610 2 0 |a ukazovatele kvalitatívne 
610 2 0 |a porovnanie štatistické medzinárodné 
100 1 |a Štofová, Lenka, 1989-